| 000 | 02458nam0a2200373 i 4500 | ||
|---|---|---|---|
| 001 | RU\NLR\BIBL_A\011117301 | ||
| 005 | 20260407073332.0 | ||
| 010 | _a9785950102301 | ||
| 035 | _a(NLR Aleph) 011117301 | ||
| 090 |
_a11499432 _c11499432 |
||
| 100 | _a20160428d2015 u y0rusy50 ca | ||
| 101 | 0 | _arus | |
| 102 | _aRU | ||
| 105 | _aac z 001yy | ||
| 200 | 1 |
_aОбразы Италии. Западноевропейское искусство XVII-XX веков из собрания Эрмитажа _e[каталог выставки, с 5 июня 2015 года по 31 января 2016 года _fавт. ст.: С. О. Андросов и др. _gавт. аннот.: Е. Е. Абрамова и др.] |
|
| 210 |
_aСанкт-Петербург _cСлавия _d2015 |
||
| 215 |
_a238, [1] с. _cил., цв. ил., портр. _d27 |
||
| 225 | 1 | _aЭрмитаж, 250 | |
| 316 |
_aЭкслибрис: Дар Эрмитажа _5NLR |
||
| 320 | _aБиблиогр.: с. 236-238 и в примеч. в конце ст. | ||
| 517 | 1 | _aЗападноевропейское искусство XVII -XX веков из собрания Эрмитажа | |
| 601 | 0 | 2 |
_aГосударственный Эрмитаж _cСанкт-Петербург, город _jКаталоги _xКоллекция изобразительного искусства _xВыставки _z2015 - 2016 _92263886 _3RU\NLR\AUTH\6601586873 |
| 606 | 1 |
_aИзобразительное искусство _jКаталоги _xВыставки _yЕвропа Западная _yСанкт-Петербург, город _z2015 - 2016 _92282674 _3RU\NLR\AUTH\6601595633 |
|
| 607 |
_aИталия _jКаталоги _xв изобразительном искусстве _92615983 _3RU\NLR\AUTH\661552542 |
||
| 686 | 1 | _aЩ101.3(2Р)-2Санкт-Петербург2Эрмитаж л62 | |
| 686 | 1 | _aЩ103(0)л62 | |
| 711 | 0 | 2 |
_aГосударственный Эрмитаж _cСанкт-Петербург _3RU\NLR\AUTH\883267 _9277747 |
| 711 | 1 | 2 |
_a"Образы Италии. Западноевропейское искусство XVII-XX веков из собрания Эрмитажа", выставка _eСанкт-Петербург _f2015-2016 _9516138 _3RU\NLR\AUTH\880425795 |
| 942 | _cBOOK | ||
| 980 | _aNBR | ||